| 000 | 00462nam a2200157Ia 4500 | ||
|---|---|---|---|
| 005 | 20260601193223.0 | ||
| 008 | 260601s9999||||xx |||||||||||||| ||und|| | ||
| 020 |
_a978-981-99-3917-6 _qebk |
||
| 100 | _aHang Li | ||
| 245 | 0 | _aMachine Learning Methods | |
| 250 | _a2024 | ||
| 260 |
_aHeidelberg, Germany _bSpringer Nature _c2024 |
||
| 650 | _aComputer Science | ||
| 856 | _uhttps://link.springer.com/openurl?genre=book&isbn=978-981-99-3917-6 | ||
| 942 |
_cEB _2ddc |
||
| 999 |
_c55860 _d55860 |
||